000 00598cam a2200229 4500
001 B3251
008 090401t1989 xxu||||| |||| 00| 0 eng d
035 _a(Sirsi) u54939
041 _aeng
050 _a711.552
110 _aChesterton
_92357
245 _aChesterton retail planning map
260 _aLondon
_bChesterton
_c1989
300 _a1 map ; 84x60cm.
350 _a15
520 _aAccompanied by 1 sheet Users Guide to the Chesterton Retail Planning Map.
650 _aMAPS
650 _aRETAIL EXPENDITURE
650 _aSHOPPING CENTRES
942 _n0
948 _c04/03/1997
999 _c93521
_d93521